000 00599nam a2200157 a 4500
001 000035244
005 20200930074212.0
008 111026s1965 mx c 000 0 spa d
040 _aDO-SdBNP
_bspa
_cBNPHU
082 _axxx
_bK182m
100 1 _aKardec, Allan
_954144
245 1 3 _aLa moral espiritista o el evangelio según el espiritismo /
_cAllan Kardec.
260 _aMéxico :
_bOrion,
_c1965.
300 _a434 p. :
_bretr. ;
_c19 cm.
500 _aContiene la explicación de las máximas morales de Cristo. Su concordancia en el espiritismo y su aplicación a las diversas posiciones de la vida.
999 _c34735
_d34735